00803 a2200229 4500001000700000020001800007040003200025100001700057245004200074250001300116260001300129300003100142362000900173490001900182520027000201650001400471650001600485650002600501650001600527650001700543650001300560119946 a9780545304412 cEscola Canadense de Niteroi aLanders, Ace10aLEGO Stars Wars: Darth Maul's mission a1st. ed. aNew York a24 p.c2 x 0.64 x 20.32 cm0 a20110 aLEGO Star Wars aA long time ago, in a galaxy built brick-by-brick . . . Sith vs. Jedi! Darth Maul gets more than he bargained for when he's sent to capture Padme Amidala. Two Jedi, one force-sensitive orphan, and a whole Queen's entourage: so much for a simple kidnapping mission!  4aLEGO toys 4aOuter space 4aChildren's Literature 4aComic Books 4aSpace flight 4aTv Shows